000 00724nam a2200205Ia 4500
003 GCL
008 140319s9999 xx 000 0 ara d
040 _aGCL /
_cGCL
082 0 4 _aق
_b932
_bا ب
100 1 _aاحمد كمال
245 1 0 _aبغية الطالبين فى علوم وعوائد وصناع واحوال قدماء المصريين /
_cاحمد كمال
260 _aالقاهرة :
_bمدرسة الفنون والصنائع الخديوية ،
_c1891
260 _aالقاهرة :
_bمكتبة مدبولى ،
_c1891
300 _a583 ص ؛
_c26 سم
490 _a
650 0 4 _aتاريخ
650 0 4 _aمصر القديمة
650 0 4 _aالحضارة الفرعونية
942 _2ddc
_cBK
999 _c36870
_d36870